Short Dictionary of Classical Word Origins / (Record no. 616778)

000 -LEADER
fixed length control field 00384nam a22001337a 4500
020 ## - INTERNATIONAL STANDARD BOOK NUMBER
Qualifying information HB.
040 ## - CATALOGING SOURCE
Transcribing agency FIZZA ISHAQ
082 ## - DEWEY DECIMAL CLASSIFICATION NUMBER
Classification number 422.4
Author Mark WED
100 ## - MAIN ENTRY--PERSONAL NAME
Personal name Wedeck , Harry E.
9 (RLIN) 133810
245 ## - TITLE STATEMENT
Title Short Dictionary of Classical Word Origins /
Statement of responsibility, etc. Harry E Wedeck.
260 ## - PUBLICATION, DISTRIBUTION, ETC.
Place of publication, distribution, etc. New York:
Name of publisher, distributor, etc. Philosophical Library,
Date of publication, distribution, etc. 1957.
300 ## - PHYSICAL DESCRIPTION
Extent 85 P. ;
Dimensions 5.5 x 0.24 x 8.5 inches
942 ## - ADDED ENTRY ELEMENTS (KOHA)
Source of classification or shelving scheme
Koha item type Book
Holdings
Withdrawn status Lost status Source of classification or shelving scheme Damaged status Not for loan Permanent Location Current Location Shelving location Date acquired Total Checkouts Full call number Barcode Date last seen Price effective from Koha item type
          NUST Baluchistan Campus (NBC) NUST Baluchistan Campus (NBC) Reference 04/01/2026   422.4 WED QD-746 04/01/2026 04/01/2026 Book
© 2023 Central Library, National University of Sciences and Technology. All Rights Reserved.